Percepciones reciprocas de Europa y América Latina: Una perspectiva europea /

Guardat en:
Dades bibliogràfiques
Autor principal: Mols, Manfred
Format: Text
Etiquetes: Afegir etiqueta
Sense etiquetes, Sigues el primer a etiquetar aquest registre!

MARC

LEADER 00000 a a2200000 04500
001 45349
003
040
090 |a REV0780 (19)1986  
100 |a Mols, Manfred  
245 |a Percepciones reciprocas de Europa y América Latina:   |b Una perspectiva europea /  |c Manfred Mols  
773 |g número19, III época, (julio - diciembre, 1986), páginas 25-36  
999 |c 31461  |d 31461